Por qué algunos directivos fracasan y cómo evitarlo : The E-Myth manager /
Esta obra investiga cómo y por qué todo directivo debe asumir su propia vida, conciliar su visión personal con la de su organización y, en fin, desarrollar una mentalidad emprendedora si se quiere que ambos, individuo y organización, tengan éxito.
Guardado en:
| Hovedforfatter: | |
|---|---|
| Format: | Bog |
| Sprog: | spansk |
| Udgivet: |
Barcelona, España :
Paidós,
2000, c2000
|
| Serier: | (Paidós Empresa ;
72) |
| Fag: | |
| Tags: |
Ingen Tags, Vær først til at tagge denne postø!
|
MARC
| LEADER | 00000nam^a2200000^a^4500 | ||
|---|---|---|---|
| 001 | 000112900 | ||
| 005 | 20250521000000.0 | ||
| 009 | 20260310093923.628 | ||
| 020 | |a 84-493-0803-8 | ||
| 037 | |a Acervo ITESO - Biblioteca | ||
| 041 | |a ESP | ||
| 082 | |a 658. 4 |b GER | ||
| 100 | |a Gerber, Michael E. |e (autor) | ||
| 245 | 1 | 0 | |a Por qué algunos directivos fracasan y cómo evitarlo : |b The E-Myth manager / |c M.E. Gerber ; tr. por Esteban Magro Morales. |
| 264 | 4 | |a Barcelona, España : |b Paidós, |c 2000, c2000 | |
| 300 | |a 167 p. | ||
| 336 | |a texto |b txt |2 rdacontenido | ||
| 337 | |a sin mediación |b n |2 rdamedio | ||
| 338 | |a volumen |b nc |2 rdasoporte | ||
| 440 | 1 | |a (Paidós Empresa ; |v 72) | |
| 500 | |a Traducción de: The E-Myth Manager | ||
| 520 | |a Esta obra investiga cómo y por qué todo directivo debe asumir su propia vida, conciliar su visión personal con la de su organización y, en fin, desarrollar una mentalidad emprendedora si se quiere que ambos, individuo y organización, tengan éxito. | ||
| 649 | |a XX | ||
| 650 | |a Exito Administrativo | ||
| 650 | |a Gerentes y Jefes | ||
| 650 | |a Empresas | ||
| 650 | |a Proceso Administrativo - |x Dirección | ||
| 650 | |a Administración | ||
| 650 | |a Ciencias Administrativas | ||
| 650 | |a Superación Personal y Autoayuda | ||
| 910 | |a Fondo General | ||
| 920 | |a Impresos - Libros | ||
| 930 | |a Colección General | ||
| 905 | |a 101 | ||
| 901 | |a 0500046838 |b IT1 |c ACC |u 20250521 | ||
| 902 | |a https://opac.biblio.iteso.mx/vufind/Record/000112900 | ||